00347nam a22000977a 4500082001200000100003200012245012800044260002700172300000900199700004100208 aR/1EL16 aAsad Khan Malokhania16EL71 aRenewable Power Integration Simulation Study To Investigate The Ability Of Integrating Wind And Solar Energies To The Grid  aNawabshahbQUESTc2019 a56P. aDepartment Of Electrical Engineering